A '-ton' of Words Quiz Stats

 Plays Quiz Updated Aug 14, 2017

Challenge
Share
Tweet
Embed
Score 0/30 Timer 05:00
1 Play Today
% Correct
Badminton
93.5%
Crouton
93.3%
Carton
92.7%
Houston
92.6%
Lipton
92.4%
Plankton
91.9%
Glutton
91.8%
Wonton
91.7%
Baton
91.3%
Boston
90.8%
Futon
89.9%
Proton
89.4%
Cotton
89.1%
Gaston
88.9%
Exoskeleton
88.6%
% Correct
Norton
84.7%
Middleton
84.3%
Newton
84.2%
Princeton
84.2%
Wellington
83.8%
Compton
83%
Krypton
81.7%
Triton
79.7%
Paxton
79.3%
Ellington
78.6%
Clinton
78.3%
Washington
77.3%
Hamilton
74.7%
Hampton
72.5%
Arlington
66.9%

You're not logged in!

Compare scores with friends on all Sporcle quizzes.
Join for Free
OR
Log In

You Might Also Like...

Show Comments

Extras

Top Quizzes Today


Score Distribution

Your Account Isn't Verified!

In order to create a playlist on Sporcle, you need to verify the email address you used during registration. Go to your Sporcle Settings to finish the process.

Report this User

Report this user for behavior that violates our Community Guidelines.

Details: